International monetary and financial economics

Αποθηκεύτηκε σε:
Λεπτομέρειες βιβλιογραφικής εγγραφής
Κύριος συγγραφέας: Daniels, Joseph P.
Άλλοι συγγραφείς: VanHoose, David D.
Μορφή: Βιβλίο
Γλώσσα:English
Δημοσίευση: Cincinnati : South-Western College Publishing, c1999
Θέματα:
Ετικέτες: Προσθήκη ετικέτας
Δεν υπάρχουν, Καταχωρήστε ετικέτα πρώτοι!

MARC

LEADER 00000nam a2200000 i 4500
001 1/16328
008 010126s1999 eng d
020 |a 0-538-87533-X 
035 |l 10065734 
040 |a GR-MY-UA  |b gre  |e aacr 
041 0 |a eng 
082 0 |a 332.15 
100 1 |a Daniels, Joseph P. 
245 1 0 |a International monetary and financial economics /  |c Joseph P. Daniels, David D. VanHoose 
260 |a Cincinnati :   |b South-Western College Publishing,   |c c1999 
300 |a xx, 555 p. 
504 |a Includes bibliographical references and index 
650 0 0 |a International finance. 
700 1 |a VanHoose, David D. 
852 |a INST  |b CHIOS  |e 20010308  |h 332.15 DAN  |p 005200017336  |q 005200017336  |t BK  |y 0 
852 |a INST  |b CHIOS  |e 20010126  |h 332.15 DAN  |p 005200021476  |q 005200021476  |t BK  |y 0 
901 |a BIBL2-2001-1 
909 |a Χ  |b 083101 
909 |a Χ  |b 083275 
920 |a ΤΜΗΜΑ ΝΑΥΤΙΛΙΑΣ ΚΑΙ ΕΠΙΧΕΙΡΗΜΑΤΙΚΩΝ ΥΠΗΡΕΣΙΩΝ  |y ΧΙΟΣ  |z 2000-12 
970 |a ΣΠΕΝΤΖΑ  |b ΕΛΕΝΗ  |z 2001/01/26